000 00903cam a2200253 i 4500
999 _c57806
_d57806
001 19037063
005 20221108163754.0
008 160331s2017 nyu b 001 0 eng
020 _a9780241189450 X
041 _aeng
080 _a327(100) C-55
100 1 _aChomsky, Noam,
_eauthor.
_99887
245 1 0 _aWho rules the world? /
_cNoam Chomsky.
264 1 _aNew York :
_bPenguin Books,
_c2016.
300 _a318 p. ;
_c25 cm.
650 0 _aWorld politics
_y21st century.
_99190
650 0 _aPower (Social sciences)
_99888
650 7 _aPOLITICAL SCIENCE / International Relations / General.
_2bisacsh
_99879
650 7 _aHISTORY / Modern / 21st Century.
_2bisacsh
_99889
651 0 _aUnited States
_xForeign relations
_y21st century.
_99195
653 _aმსოფლიო პოლიტიკა
653 _aსაგარეო ურთიერთობები
942 _2udc
_cBK